banner koha

Characterization of Cerrado vegetation using automatically classified Landsat MSS data [Brasil] (Registro n. 31469)

MARC details
000 -LÍDER
campo de controle de tamanho fixo 01230nam a22003497a 4500
001 - NÚMERO DE CONTROLE
campo de controle BR8102911
003 - IDENTIFICADOR DO NÚMERO DE CONTROLE
campo de controle BR-BrBNA
005 - DATA E HORÁRIO DA ÚLTIMA TRANSAÇÃO
campo de controle 20230928090947.0
007 - CAMPO FIXO DE DESCRIÇÃO FÍSICA--INFORMAÇÃO GERAL
campo de controle de tamanho fixo ta
008 - CAMPO DE DADOS FIXOS--INFORMAÇÃO GERAL
campo de controle de tamanho fixo 230509b bl.||||| |||| 00| 0 por d
040 ## - FONTE DA CATALOGAÇÃO
Instituição da catalogação original BR-BrBNA
Idioma da catalogação por
Instituição que transcreveu o registro Biblioteca Nacional de Agricultura
041 ## - CÓDIGO DE IDIOMA
Código do idioma do texto/trilha sonora ou título diferente (Eng)
072 ## - CÓDIGO DE CATEGORIA DE ASSUNTO
Código de Categoria de Assunto F40
Código do objeto /G514
-- /GZ74
090 ## - NÚMERO DE CHAMADA LOCAL
-- F40 BR8102911
100 1# - ENTRADA PRINCIPAL--NOME PESSOAL
Nome pessoal Santos, J.R. dos
100 1# - ENTRADA PRINCIPAL--NOME PESSOAL
Nome pessoal Carvalho, V.C.
100 1# - ENTRADA PRINCIPAL--NOME PESSOAL
Nome pessoal Aoki, H.
110 1# - ENTRADA PRINCIPAL--NOME CORPORATIVO
Nome corporativo ou nome da jurisdição Instituto de Pesquisas Espaciais, Sao Jose dos Campos, SP (Brasil)
111 1# - ENTRADA PRINCIPAL--NOME DO EVENTO
Nome do evento ou lugar 14. International Symposium on Remote Sensing of Environment
Local do evento San Jose (Costa Rica)
Data do evento ou assinatura do tratado 23 Apr 1980
245 1# - TÍTULO
Título Characterization of Cerrado vegetation using automatically classified Landsat MSS data [Brasil]
Restante do título INPE-1790-RPE/162
246 1# - FORMA VARIANTE DO TÍTULO
Título/título abreviado Characterization of Cerrado vegetation using automatically classified Landsat MSS data [Brazil]
Restante do título [INPE-1790-RPE/162]
260 3# - PUBLICAÇÃO, DISTRIBUIÇÃO, ETC.
Local de publicação, distribuição, etc. Sao Jose dos Campos, SP (Brasil):
Data da publicação, distribuição, etc. 1980.
300 ## - DESCRIÇÃO FÍSICA
Extensão 12 p.
500 ## - NOTA GERAL
Nota geral 7 illus.; Summary (Eng)
650 ## - ASSUNTO--TERMO TÓPICO
Cabeçalho tópico ou nome geográfico Ecologia vegetal
650 ## - ASSUNTO--TERMO TÓPICO
Cabeçalho tópico ou nome geográfico Vegetacao
650 ## - ASSUNTO--TERMO TÓPICO
Cabeçalho tópico ou nome geográfico Sensoriamento remoto
650 ## - ASSUNTO--TERMO TÓPICO
Cabeçalho tópico ou nome geográfico Cerrado
650 ## - ASSUNTO--TERMO TÓPICO
Cabeçalho tópico ou nome geográfico Distrito Federal
909 ## -
-- 202309
-- Lucia
-- 55
-- Lucia Elande
942 ## - ELEMENTOS DE ENTRADA ADICIONADOS (KOHA)
Tipo de material Koha Livros
Exemplares
Situação do descarte Fonte da classificação ou esquema de arquivamento na estante Situação física Não pode ser emprestado Coleção Biblioteca de origem Biblioteca atual Total de empréstimos Número de telefone completo Código de barras Data de último acesso Número do exemplar Tipo de material Koha Situação das perdas Data de aquisição Fonte de aquisição
  Classificação AGRIS       Biblioteca Nacional de Agricultura - Binagri Biblioteca Nacional de Agricultura - Binagri   F40 BR8102911 F40 BR8102911 25/09/2023 01 Livros   2023-09-25 Portaria Interministerial nº 164/94

BINAGRI

Telefone: (61)3218-2567/2388/3357/2097 - binagri@agro.gov.br

Ministério da Agricultura e Pecuária , Esplanada dos Ministérios, Bloco D, Anexo B, Brasília/DF, CEP: 70.043-900